|
|
|
|
| LEADER |
00000nam2a2200000 4500 |
| 001 |
285218 |
| 005 |
20231101235755.0 |
| 035 |
|
|
|a (RuTPU)RU\TPU\book\309447
|
| 035 |
|
|
|a RU\TPU\book\295555
|
| 090 |
|
|
|a 285218
|
| 100 |
|
|
|a 20150221d1984 k y0rusy50 ca
|
| 101 |
0 |
|
|a rus
|
| 102 |
|
|
|a UA
|
| 105 |
|
|
|a a z 001zy
|
| 200 |
0 |
|
|a Вып. 18
|
| 210 |
|
|
|d 1984
|
| 215 |
|
|
|a 139 с.
|c ил.
|
| 320 |
|
|
|a Библиография в конце статей
|
| 461 |
|
1 |
|0 (RuTPU)RU\TPU\book\157685
|t Гидравлические машины
|o республиканский межведомственный научно-технический сборник
|f Харьковский политехнический институт (ХПИ) ; под ред. Д. Я. Алексапольского
|v Вып. 18
|d 1967-1991
|
| 606 |
1 |
|
|a Гидравлические машины
|2 stltpush
|3 (RuTPU)RU\TPU\subj\6480
|9 34359
|
| 610 |
1 |
|
|a обратимые гидромашины
|
| 610 |
1 |
|
|a параметры
|
| 610 |
1 |
|
|a рабочие колеса
|
| 610 |
1 |
|
|a гидротурбины
|
| 610 |
1 |
|
|a потоки
|
| 610 |
1 |
|
|a расчет
|
| 610 |
1 |
|
|a гидравлические турбины
|
| 610 |
1 |
|
|a плоские решетки
|
| 610 |
1 |
|
|a обтекание
|
| 610 |
1 |
|
|a осевые насосы
|
| 610 |
1 |
|
|a проточная часть
|
| 610 |
1 |
|
|a вакуум-насосы
|
| 610 |
1 |
|
|a кольцевые камеры
|
| 610 |
1 |
|
|a центробежные насосы
|
| 675 |
|
|
|a 621.22
|v 4
|
| 801 |
|
1 |
|a RU
|b 63413507
|c 20130119
|
| 801 |
|
2 |
|a RU
|b 63413507
|c 20170623
|g RCR
|
| 942 |
|
|
|c BK
|